000 00854nam a2200205 a 4500
003 AM-YeHGA
005 20250617160024.0
008 190910s1960 ru |||||r|||||000|0|rus||
040 _aAM-YeHGA
041 0 _arus
100 1 _aГусев, Владимир Михайлович
245 1 0 _aКонструктор :
_bОчерк [о М.И. Маркелове] /
_cВ. Гусев.
260 _a[Куйбышев] :
_bКуйбышев. кн. изд-во,
_c1960.
300 _a28 с. ;
_c20 см.
650 1 4 _aМашиностроение
650 1 4 _aСельскохозяйственные машины и орудия
_xКонструкция и расчет
653 0 _aИнженеры-конструкторы сельскохозяйственного машиностроения - Очерки
942 _2udc
_cBK
090 _c447256
999 _c444437
_d444437